[Event "Chigorin Memorial 30th"]
[Site "St Petersburg"]
[Date "2023.10.25"]
[Round "5"]
[White "Lundin, Jan"]
[Black "Kalambetov, Anton"]
[Result "0-1"]
[WhiteElo "2250"]
[BlackElo "2027"]
[PlyCount "108"]
[EventDate "2023.10.21"]
[EventType "swiss"]
[EventRounds "9"]
[EventCountry "RUS"]
[SourceTitle "Mega2024 Update 01"]
[Source "Chessbase"]
[SourceDate "2023.11.12"]
[SourceVersion "1"]
[SourceVersionDate "2023.11.12"]
[SourceQuality "1"]

1. f4 d5 2. g3 g6 3. Bg2 Bg7 4. Nf3 c5 5. 0-0 Nc6 6. d3 d4 7. c3 Nh6 8. Qe1 0-0 9. Na3 Rb8 10. Nc4 Nf5 11. g4 Nd6 12. Nce5 f5 13. h3 Nxe5 14. fxe5 Nf7 15. Qg3 fxg4 16. hxg4 Be6 17. Bd2 Qd7 18. cxd4 cxd4 19. g5 Rbd8 20. b3 Bd5 21. Bh3 e6 22. Bf4 Bxf3 23. exf3 Qd5 24. Rae1 Rfe8 25. Rf2 Qb5 26. Bd2 Nxe5 27. Bf1 Nd7 28. f4 a5 29. Qh3 Nf8 30. Bc1 Qb4 31. Rfe2 Qc5 32. Bg2 b5 33. Bd2 Qa3 34. Bc6 Re7 35. Bxb5 Rf7 36. Bc4 Kh8 37. Bc1 Qb4 38. a3 Qc5 39. Qg3 Re8 40. Ra2 Rf5 41. b4 axb4 42. axb4 Qxb4 43. Ba3 Qb8 44. Bxf8 Rexf8 45. Bxe6 Rxf4 46. Qh3 Rf3 47. Qh4 Rg3+ 48. Rg2 Rxg2+ 49. Kxg2 Rf4 50. Qg3 Be5 51. Re2 Qb7+ 52. Kh3 Qh1+ 53. Rh2 Qf1+ 54. Rg2 Rf3 0-1

[Event "Chigorin Memorial 30th"]
[Site "St Petersburg"]
[Date "2023.10.24"]
[Round "4"]
[White "Kalambetov, Anton"]
[Black "Zaikina, Yuliya"]
[Result "1-0"]
[WhiteElo "2027"]
[BlackElo "1720"]
[PlyCount "115"]
[EventDate "2023.10.21"]
[EventType "swiss"]
[EventRounds "9"]
[EventCountry "RUS"]
[SourceTitle "Mega2024 Update 01"]
[Source "Chessbase"]
[SourceDate "2023.11.12"]
[SourceVersion "1"]
[SourceVersionDate "2023.11.12"]
[SourceQuality "1"]

1. c4 e6 2. Nc3 d5 3. d4 Nf6 4. cxd5 exd5 5. Bg5 Bb4 6. e3 h6 7. Bh4 g5 8. Bg3 Ne4 9. a3 Bxc3+ 10. bxc3 h5 11. f3 Nxg3 12. hxg3 Qd6 13. g4 h4 14. Bd3 Rh6 15. Ne2 Nc6 16. Qb3 Bd7 17. Rb1 b6 18. e4 dxe4 19. Bxe4 0-0-0 20. Qb5 f5 21. Bxf5 Qxa3 22. 0-0 Qe7 23. Be4 Kb8 24. Ra1 h3 25. g3 Re6 26. Qb1 Bc8 27. Ra2 Rh6 28. Kh2 Re8 29. d5 Ne5 30. Nd4 Qc5 31. Qa1 a6 32. Re1 Bb7 33. Rae2 a5 34. Qa4 Reh8 35. Nf5 Rf6 36. Qd4 Qxd4 37. cxd4 Nc4 38. f4 gxf4 39. gxf4 Nd6 40. Nxd6 Rxd6 41. g5 a4 42. f5 Bxd5 43. Bb1 a3 44. g6 Rf6 45. Re8+ Rxe8 46. Rxe8+ Kb7 47. Re2 a2 48. Bxa2 Bxa2 49. Rxa2 Rxf5 50. Kxh3 Rg5 51. Rg2 Rh5+ 52. Kg4 Rh8 53. g7 Rg8 54. Kf5 Kc6 55. Ke6 b5 56. Rc2+ Kb6 57. Kf7 Rxg7+ 58. Kxg7 1-0

[Event "Chigorin Memorial 30th"]
[Site "St Petersburg"]
[Date "2023.10.23"]
[Round "3"]
[White "Borsch, Alexander"]
[Black "Kalambetov, Anton"]
[Result "1/2-1/2"]
[WhiteElo "1501"]
[BlackElo "2027"]
[PlyCount "120"]
[EventDate "2023.10.21"]
[EventType "swiss"]
[EventRounds "9"]
[EventCountry "RUS"]
[SourceTitle "Mega2024 Update 01"]
[Source "Chessbase"]
[SourceDate "2023.11.12"]
[SourceVersion "1"]
[SourceVersionDate "2023.11.12"]
[SourceQuality "1"]

1. e4 e5 2. Nf3 Nf6 3. Nxe5 d6 4. Nf3 Nxe4 5. Nc3 Nxc3 6. dxc3 Be7 7. Be3 Nd7 8. Qd2 Nf6 9. 0-0-0 0-0 10. Bd3 c5 11. Kb1 Qa5 12. Ng5 d5 13. h4 h6 14. Nh3 Ne4 15. Qe2 Nxc3+ 16. bxc3 c4 17. Bd4 Bc5 18. Qe5 Bxd4 19. Qxd4 cxd3 20. Rxd3 Bf5 21. Rg3 Qb6+ 22. Qxb6 axb6 23. Nf4 Ra5 24. Rd1 Be6 25. Rd4 Rc8 26. Nxe6 fxe6 27. Rdg4 Rc7 28. Rg6 Rb5+ 29. Kc1 e5 30. Rxh6 d4 31. cxd4 exd4 32. Rd6 Rbc5 33. c3 dxc3 34. Rxb6 Ra5 35. Rb3 Rxa2 36. Rgxc3 Rxc3+ 37. Rxc3 Rxf2 38. g3 Kh7 39. Rc7 Rf3 40. Rxb7 Rxg3 41. Rb4 Rg2 42. Rb6 Rh2 43. Rb4 Kh6 44. Rg4 g6 45. Kd1 Ra2 46. Ke1 Ra5 47. Kf2 Kh5 48. Rg5+ Rxg5 49. hxg5 Kh4 50. Kg2 Kg4 51. Kf2 Kh3 52. Kf3 Kh4 53. Kf2 Kxg5 54. Kg3 Kf5 55. Kf3 g5 56. Kg3 g4 57. Kg2 Kf4 58. Kf2 g3+ 59. Kg1 Kg5 60. Kg2 Kh4 1/2-1/2

[Event "St Petersburg Korchnoi Memorial op"]
[Site "St Petersburg"]
[Date "2023.08.22"]
[Round "7"]
[White "Chernov, Lev"]
[Black "Kalambetov, Anton"]
[Result "1/2-1/2"]
[WhiteElo "1751"]
[BlackElo "2053"]
[PlyCount "86"]
[EventDate "2023.08.18"]
[EventType "swiss"]
[EventRounds "9"]
[EventCountry "RUS"]
[SourceTitle "EXT 2024"]
[Source "ChessBase"]
[SourceDate "2023.10.10"]
[SourceVersion "1"]
[SourceVersionDate "2023.10.10"]
[SourceQuality "1"]

1. e4 e5 2. Nf3 Nf6 3. Nxe5 d6 4. Nf3 Nxe4 5. Qe2 Qe7 6. d3 Nf6 7. Bg5 Qxe2+ 8. Bxe2 Be7 9. Nc3 0-0 10. d4 h6 11. Be3 a6 12. h3 b5 13. a3 Bb7 14. 0-0 Nbd7 15. Nd2 c5 16. Nb3 Rac8 17. Bf3 Bxf3 18. gxf3 c4 19. Nd2 d5 20. f4 Nb6 21. Ne2 Na4 22. b3 cxb3 23. cxb3 Nc3 24. Ng3 g6 25. f3 Kh7 26. Rfe1 Bd6 27. Ndf1 Rfe8 28. Kf2 a5 29. Bd2 Rxe1 30. Kxe1 b4 31. a4 Nd7 32. Rc1 f5 33. Ne2 Nf8 34. Nxc3 bxc3 35. Rxc3 Re8+ 36. Kf2 Ne6 37. Rc6 Bb8 38. Be3 Nxf4 39. Bxf4 Bxf4 40. Rc5 Rb8 41. Rb5 Rc8 42. Rxa5 Rc2+ 43. Kg1 Rc1 1/2-1/2

[Event "Cheliabinsk Panchenko Memorial op-A"]
[Site "Cheliabinsk"]
[Date "2021.09.19"]
[Round "8"]
[White "Kalambetov, Anton"]
[Black "Kozlov, Denis1111"]
[Result "0-1"]
[WhiteElo "2051"]
[BlackElo "2245"]
[PlyCount "60"]
[EventDate "2021.09.13"]
[EventType "swiss"]
[EventRounds "10"]
[EventCountry "RUS"]
[SourceTitle "CBM 204 Extra"]
[Source "ChessBase"]
[SourceDate "2021.11.30"]
[SourceVersion "1"]
[SourceVersionDate "2021.11.30"]
[SourceQuality "1"]

1. c4 Nf6 2. Nc3 e5 3. Nf3 Nc6 4. e4 d6 5. d4 Bg4 6. d5 Nd4 7. Be3 g6 8. Bxd4 exd4 9. Qxd4 Bxf3 10. gxf3 Bg7 11. f4 Nh5 12. Qd2 Bh6 13. Ne2 Qh4 14. Qc3 0-0 15. Bg2 Nxf4 16. Nxf4 Bxf4 17. Qh3 Qf6 18. Rb1 Rae8 19. 0-0 Re5 20. Bf3 Qg7 21. b3 f5 22. exf5 Rexf5 23. Bg4 Rg5 24. Kh1 Kh8 25. Rbe1 Re5 26. Rxe5 Qxe5 27. a4 Qd4 28. Be6 Be5 29. Kg1 Qe4 30. Qe3 Bxh2+ 0-1

[Event "Cheliabinsk Panchenko Memorial op-A"]
[Site "Cheliabinsk"]
[Date "2021.09.15"]
[Round "3"]
[White "Kostenko, Petr"]
[Black "Kalambetov, Anton"]
[Result "1-0"]
[WhiteElo "2435"]
[BlackElo "2051"]
[PlyCount "119"]
[EventDate "2021.09.13"]
[EventType "swiss"]
[EventRounds "10"]
[EventCountry "RUS"]
[SourceTitle "CBM 204 Extra"]
[Source "ChessBase"]
[SourceDate "2021.11.30"]
[SourceVersion "1"]
[SourceVersionDate "2021.11.30"]
[SourceQuality "1"]

1. e4 e6 2. d4 d5 3. Nd2 c5 4. Ngf3 a6 5. dxc5 Bxc5 6. Bd3 Nc6 7. 0-0 Nge7 8. c3 0-0 9. Re1 Ng6 10. Nb3 Bb6 11. Be3 Bxe3 12. Rxe3 dxe4 13. Bxe4 Qf6 14. Nc5 Nf4 15. Qc2 g6 16. Rd1 Rd8 17. Ree1 Rxd1 18. Rxd1 Qe7 19. Qd2 Nh3+ 20. gxh3 Qxc5 21. Qh6 Qf8 22. Qxf8+ Kxf8 23. Bxc6 bxc6 24. Ne5 Ke8 25. Nxc6 Bb7 26. Ne5 f6 27. Nd7 Ke7 28. Nb6 Rd8 29. Rxd8 Kxd8 30. f4 g5 31. fxg5 fxg5 32. a4 Kc7 33. a5 Kc6 34. Kf2 Kb5 35. b4 e5 36. Kg3 h5 37. h4 gxh4+ 38. Kf2 Bc6 39. Ke3 h3 40. Kd3 h4 41. Nc4 e4+ 42. Kd4 Ka4 43. Nd2 Ka3 44. Nxe4 Kb2 45. Nc5 Kc2 46. Nxa6 Kd2 47. c4 Ke2 48. b5 Bf3 49. c5 Kf2 50. c6 Kg2 51. Ke3 Kxh2 52. Kf2 Kh1 53. c7 Bb7 54. Nc5 h2 55. b6 Bc8 56. Ne4 Bb7 57. Ng5 Bc8 58. Nf3 Ba6 59. Nxh4 Bb7 60. Nf5 1-0

[Event "Cheliabinsk Panchenko Memorial op-A"]
[Site "Cheliabinsk"]
[Date "2021.09.14"]
[Round "2"]
[White "Kalambetov, Anton"]
[Black "Gleizerov, Evgeny"]
[Result "0-1"]
[WhiteElo "2051"]
[BlackElo "2463"]
[PlyCount "72"]
[EventDate "2021.09.13"]
[EventType "swiss"]
[EventRounds "10"]
[EventCountry "RUS"]
[SourceTitle "CBM 204 Extra"]
[Source "ChessBase"]
[SourceDate "2021.11.30"]
[SourceVersion "1"]
[SourceVersionDate "2021.11.30"]
[SourceQuality "1"]

1. c4 e5 2. Nc3 Nc6 3. Nf3 f5 4. g3 e4 5. Nh4 d6 6. d3 exd3 7. Qxd3 Ne5 8. Qc2 g6 9. Bg2 Bg7 10. 0-0 Nf6 11. b3 0-0 12. Nf3 Qe7 13. Nxe5 dxe5 14. a4 Re8 15. e4 c6 16. Ba3 Qf7 17. exf5 gxf5 18. Rad1 Nd7 19. a5 Nf8 20. Bxf8 Bxf8 21. a6 Bc5 22. axb7 Bxb7 23. g4 fxg4 24. Ne4 Qg6 25. Rd3 Bd4 26. Rg3 Rf8 27. h3 h5 28. Qe2 Bc8 29. h4 Bf5 30. Kh2 Rac8 31. b4 Rc7 32. c5 Bxe4 33. Bxe4 Qf6 34. f3 Qxh4+ 35. Kg2 Rg7 36. Bxc6 Qxg3+ 0-1

[Event "Anapa Sea Harbor Cup"]
[Site "Anapa"]
[Date "2021.06.08"]
[Round "7"]
[White "Voit, Daria"]
[Black "Kalambetov, Anton"]
[Result "1-0"]
[WhiteElo "2354"]
[BlackElo "2007"]
[PlyCount "55"]
[EventDate "2021.06.02"]
[EventType "swiss"]
[EventRounds "9"]
[EventCountry "RUS"]
[SourceTitle "CBM 202 Extra"]
[Source "ChessBase"]
[SourceDate "2021.07.31"]
[SourceVersion "1"]
[SourceVersionDate "2021.07.31"]
[SourceQuality "1"]

1. c4 c5 2. Nc3 g6 3. g3 Bg7 4. Bg2 Nc6 5. Nf3 e6 6. 0-0 Nge7 7. e3 0-0 8. d4 cxd4 9. Nxd4 Nxd4 10. exd4 d5 11. cxd5 Nxd5 12. Qb3 Bxd4 13. Bh6 Bg7 14. Bxg7 Kxg7 15. Bxd5 exd5 16. Nxd5 Be6 17. Qc3+ Kh6 18. Qe3+ Kg7 19. Qe5+ Kh6 20. Nf6 Qb8 21. Qe3+ Kg7 22. Qd4 Rd8 23. Nh5+ Kh6 24. Qg7+ Kxh5 25. Qxh7+ Kg5 26. Qh4+ Kf5 27. f4 Qc7 28. Rae1 1-0

[Event "Moscow op-A 17th"]
[Site "Moscow"]
[Date "2021.02.27"]
[Round "8"]
[White "Murtazin, Bulat"]
[Black "Kalambetov, Anton"]
[Result "1-0"]
[WhiteElo "2355"]
[BlackElo "1916"]
[PlyCount "57"]
[EventDate "2021.02.20"]
[EventType "swiss"]
[EventRounds "9"]
[EventCountry "RUS"]
[SourceTitle "EXT 2022"]
[Source "ChessBase"]
[SourceDate "2021.10.06"]
[SourceVersion "1"]
[SourceVersionDate "2021.10.06"]
[SourceQuality "1"]

1. d4 d5 2. c4 dxc4 3. Nf3 a6 4. e3 b5 5. a4 Bb7 6. b3 e6 7. bxc4 bxc4 8. Bxc4 Nd7 9. a5 Ngf6 10. Nc3 Bb4 11. Qb3 Bxc3+ 12. Qxc3 0-0 13. Ba3 Re8 14. 0-0 Ne4 15. Qc2 Ng5 16. Nxg5 Qxg5 17. e4 Qf4 18. f3 c5 19. dxc5 Rec8 20. Qf2 Qe5 21. Rab1 Nxc5 22. Rfc1 Rab8 23. Bf1 Nxe4 24. fxe4 Qxe4 25. Rb4 Qd5 26. Rd4 Qxa5 27. Rd7 f6 28. Qg3 Qb6+ 29. Bc5 1-0

[Event "Moscow op-A 17th"]
[Site "Moscow"]
[Date "2021.02.24"]
[Round "5"]
[White "Kalambetov, Anton"]
[Black "Khudyakov, Stanislav"]
[Result "0-1"]
[WhiteElo "1916"]
[BlackElo "2196"]
[PlyCount "74"]
[EventDate "2021.02.20"]
[EventType "swiss"]
[EventRounds "9"]
[EventCountry "RUS"]
[SourceTitle "CBM 200 Extra"]
[Source "ChessBase"]
[SourceDate "2021.03.31"]
[SourceVersion "1"]
[SourceVersionDate "2021.03.31"]
[SourceQuality "1"]

1. e4 g6 2. g3 Bg7 3. Bg2 c5 4. Nf3 Nc6 5. 0-0 d6 6. c3 e5 7. d3 Nge7 8. Be3 0-0 9. Na3 h6 10. Qd2 Kh7 11. d4 exd4 12. cxd4 b6 13. Rfd1 Bg4 14. Nc2 Qc8 15. Rdc1 Bh3 16. b4 Bxg2 17. Kxg2 f5 18. Qd3 fxe4 19. Qxe4 d5 20. Qd3 c4 21. Qd2 Qg4 22. Bf4 g5 23. Ne5 Bxe5 24. Bxe5 Ng6 25. Ne3 Nh4+ 26. Kg1 Nf3+ 27. Kh1 Qe4 28. Qc2 Qxc2 29. Rxc2 Rad8 30. Rd1 Nxb4 31. Re2 Nd3 32. Ng2 h5 33. h3 b5 34. a3 Kg6 35. Rc2 Rde8 36. Ne3 Nfxe5 37. dxe5 Nxf2+ 0-1

[Event "Moscow op-A 17th"]
[Site "Moscow"]
[Date "2021.02.20"]
[Round "1"]
[White "Kalambetov, Anton"]
[Black "Lazavik, Denis"]
[Result "0-1"]
[WhiteElo "1916"]
[BlackElo "2442"]
[PlyCount "106"]
[EventDate "2021.02.20"]
[EventType "swiss"]
[EventRounds "9"]
[EventCountry "RUS"]
[SourceTitle "CBM 200 Extra"]
[Source "ChessBase"]
[SourceDate "2021.03.31"]
[SourceVersion "1"]
[SourceVersionDate "2021.03.31"]
[SourceQuality "1"]

1. e4 e5 2. Nf3 Nc6 3. d4 exd4 4. Nxd4 Qf6 5. Nxc6 Bc5 6. Qf3 dxc6 7. Bc4 Qxf3 8. gxf3 Nf6 9. Be3 Bd6 10. Nc3 Nh5 11. Ne2 g6 12. 0-0-0 Be6 13. Bxe6 fxe6 14. f4 Rf8 15. e5 Be7 16. h4 c5 17. Rdg1 b6 18. Rg4 Kf7 19. Ng3 Rg8 20. Kd2 Ng7 21. h5 gxh5 22. Nxh5 Nxh5 23. Rxg8 Rxg8 24. Rxh5 Kg6 25. Rh1 h5 26. Kd3 h4 27. Ke4 c4 28. Rg1+ Kf7 29. Rxg8 Kxg8 30. f5 h3 31. Bf4 Bc5 32. fxe6 Bxf2 33. Bh2 Kf8 34. Kd5 Ke7 35. Kxc4 Kxe6 36. b4 c6 37. c3 b5+ 38. Kd3 Kd5 39. Ke2 Bh4 40. Kf3 Be1 41. Kg4 Bxc3 42. Kf5 Bxb4 43. Kf6 Bc3 44. Kf5 Bxe5 45. Bxe5 b4 46. Bf4 a5 47. Kg4 a4 48. Kxh3 b3 49. axb3 axb3 50. Bc1 c5 51. Kg3 c4 52. Bb2 Ke4 53. Kf2 Kd3 0-1